| 000 | 00405nam a2200145Ia 4500 | ||
|---|---|---|---|
| 008 | 231129s1980||||xx |||||||||||||| ||spa|| | ||
| 020 | _a968-16-0631-0 | ||
| 040 | _bspa | ||
| 082 | _a182 J22t | ||
| 100 | _aJaeger Werner | ||
| 245 | 0 | _aLa teología de los primeros filosofos griegos | |
| 260 | _c1980 | ||
| 264 | _aFondo de Cultura Economica | ||
| 942 |
_2ddc _cBKS |
||
| 999 |
_c18288 _d18288 |
||